| 000 | 01013cam a22002531 4500 | ||
|---|---|---|---|
| 001 | gs 15000423 | ||
| 003 | DLC | ||
| 005 | 20260227111317.0 | ||
| 008 | 761215s1915 oncab f000 0 eng c | ||
| 010 | _ags 15000423 | ||
| 035 | _a(OCoLC)2625398 | ||
| 040 |
_aLibrary, U. S. Geological Survey _cViU _dViU _dDLC |
||
| 042 | _apremarc | ||
| 050 | 0 | 0 |
_aQH1 _b.C13 no. 11 |
| 100 | 1 |
_aReinecke, Leopold, _d1884-1935. |
|
| 245 | 1 | 0 |
_aPhysiography of the Beaverdell map-area and the southern part of the interior plateaus of British Columbia, _cby Leopold Reinecke. |
| 260 |
_aOttawa, _bGovernment Printing Bureau, _c1915. |
||
| 300 |
_a58 p. _billus., 5 plates, maps (1 fold. in pocket) fold. profile. _c25 cm. |
||
| 490 | 0 |
_aCanada. Geological survey. Museum bulletin _vno. 11. Geological series, no. 23 |
|
| 500 | _aCover title. | ||
| 500 | _aAt head of title: Canada. Department of mines ... | ||
| 500 | _aThe guard sheets are included in the pagination. | ||
| 650 | 0 |
_aPhysical geography _zBritish Columbia. |
|
| 999 |
_c25524 _d25524 |
||